| 000 | 00824cam a2200241 i 4500 | ||
|---|---|---|---|
| 999 |
_c200442886 _d61098 |
||
| 003 | TR-AnTOB | ||
| 005 | 20230417164617.0 | ||
| 008 | 210813s2019 a|||| |||| 00| 0 tur d | ||
| 020 | _a9786056551000 | ||
| 040 |
_aTR-AnTOB _beng _cTR-AnTOB _erda |
||
| 041 | 1 | _atur | |
| 043 | _aa-tu--- | ||
| 060 | _aWH 155 | ||
| 096 |
_aWH155 _b.O556 2015 |
||
| 245 | 0 | 0 |
_aOnkoplastik meme cerrahisi atlası : _cKıbrısta Talasemi Önleme Programı ve Sonuçları / _beditör Mustafa Emiroğlu ; editörler kurulu Bekir Kuru, Gürsel Soybir. |
| 264 | 1 |
_aİzmir : _bMeme Hastalıkları Dernekleri Federasyonu , _c2015. |
|
| 300 |
_a354 pages : _billustrations ; _c24 cm |
||
| 336 |
_atext _btxt _2rdacontent |
||
| 337 |
_aunmediated _bn _2rdamedia |
||
| 338 |
_avolume _bnc _2rdacarrier |
||
| 942 |
_2NLM _cBK |
||